Guía completa de Visual Basic para Windows
Gardado en:
| Autor Principal: | |
|---|---|
| Formato: | Libro |
| Idioma: | Lingua castelá |
| Publicado: |
Ciudad de México
McGraw-Hill
1994
|
| Edición: | 2a. ed |
| Subjects: | |
| Tags: |
Engadir etiqueta
Sen Etiquetas, Sexa o primeiro en etiquetar este rexistro!
|
MARC
| LEADER | 00000nam a2200000 a 4500 | ||
|---|---|---|---|
| 001 | UCY5244 | ||
| 003 | CL-VaPUC | ||
| 008 | 950421e19940000MX |||||||||||||||||spa|d | ||
| 082 | 0 | 4 | |a 005.133 |b NEL |2 21 |
| 100 | |a Nelson, Ross |e autor |9 333920 | ||
| 245 | 1 | 0 | |a Guía completa de Visual Basic para Windows |
| 250 | |a 2a. ed | ||
| 300 | |a 396 p | ||
| 942 | |c BK | ||
| 945 | |d 19950421 00:00:00 |a mfernand | ||
| 260 | |a Ciudad de México |b McGraw-Hill |c 1994 | ||
| 650 | 0 | |a Visual Basic |9 333464 | |
| 650 | 0 | |a Lenguajes de programación |9 259458 | |
| 650 | 0 | |a Computadores |9 258188 | |
| 583 | |a last modification |c 19950421 00:00:00 |k Rodrigo Vera | ||
| 999 | |c 232943 |d 232941 | ||
| 952 | |0 0 |1 0 |4 0 |6 005_133000000000000_NEL_1994 |7 0 |8 A |9 237956 |a BIBING |b BIBING |d 2019-11-18 |i 3144860 |o 005.133 NEL 1994 |p 3144860 |r 2025-01-20 |w 2019-11-18 |y BK |k EIQ | ||
| 952 | |0 0 |1 0 |4 0 |6 005_133000000000000_NEL_1994 |7 0 |8 A |9 237957 |a BIBING |b BIBING |d 2019-11-18 |i 3236447 |o 005.133 NEL 1994 |p 3236447 |r 2025-01-20 |w 2019-11-18 |y BK |k EIQ | ||